01180nam a22002777a 450000500170000001000150001702000370003203500140006903700130008308200200009610000190011624500960013526000480023130000310027950400510031052001360036161000360049761000520053365000350058565000400062065000310066065000360069194200300072799900190075795201260077620170503115257.0 aENG-118016 a9781107080263 (hardback)c795.00 aEN-101548 bDBAD/PUB00a320.55709542231 aIslam, Maidul.10aLimits of Islamism :bJamaat-e-Islami in contemporary India and Bangladesh /cMaidul Islam. aNew DelhibCambridge University Pressc2015 ax, 345 pages ;c24 cm.(Hb) aIncludes bibliographical references and index. a"Focuses on Islamism as a political ideology by taking up the case study of Jamaat-e-Islami in contemporary India and Bangladesh"--20aJamāʻat-i Islāmī (India)20aJāmāẏāte Isalāmī Bāṃlādeśa. 0aIslamic fundamentalismzIndia. 0aIslamic fundamentalismzBangladesh. 0aIslam and politicszIndia. 0aIslam and politicszBangladesh. 2ddccENh320.5570954mISL c139456d139456 001040708NFICaBNbBNd2017-05-03eDBAD/PUBg795.00l0o320.5570954 ISLpEN-101548r2017-05-03 00:00:00t1v795.00yEN